Powiaty województwa białostockiego w 1968 roku na mapie - Statystyki

Ogólne statystyki
  • Ten quiz został rozwiązany 21 razy
    10 od ostatniego zresetowania
  • Średni wynik to 19 z 20
Odpowiedzi na mapie
Odpowiedzi zakodowano w zielono-czerwonej skali na mapie do tego quizu, zgodnie z poniższymi procentami.
 
Statystyki odpowiedzi
Powiat % Poprawnych
augustowski
100%
białostocki
100%
ełcki
100%
hajnowski
100%
łomżyński
100%
Miasto {Białystok}
100%
moniecki
100%
olecki
100%
siemiatycki
100%
sokólski
100%
suwalski
100%
bielski
90%
gołdapski
90%
grajewski
90%
kolneński
90%
sejneński
90%
wysokomazowiecki
90%
zambrowski
90%
dąbrowski
70%
łapski
70%
Nie znaleziono quizów pasujących do podanych kryteriów
Rozkład punktacji
Procent ludzi z każdym wynikiem
Percentyl według liczby udzielonych odpowiedzi
Twoja historia wyników
Nie rozwiązałeś tego quizu od ostatniego zresetowania